[Event "POL-chT4 Kujawsko-Pomorskie 1617"]
[Site "Poland"]
[Date "2017.02.12"]
[Round "8.16"]
[White "Kubicki, Mariusz"]
[Black "Musial, Adam"]
[Result "1/2-1/2"]
[WhiteElo "1708"]
[BlackElo "1755"]
[PlyCount "79"]
[EventDate "2016.11.06"]
[EventType "team-tourn"]
[EventRounds "11"]
[EventCountry "POL"]
[SourceTitle "EXT 2019"]
[Source "ChessBase"]
[SourceDate "2018.10.10"]
[SourceVersion "1"]
[SourceVersionDate "2018.10.10"]
[SourceQuality "1"]

1. e4 c6 2. d4 d5 3. exd5 cxd5 4. Nf3 Qc7 5. c3 Bg4 6. h3 Bh5 7. Be2 e6 8. Ne5 Bxe2 9. Qxe2 Nf6 10. Bf4 Bd6 11. Nd2 Nc6 12. 0-0 0-0 13. Bg3 a6 14. f4 g6 15. Rf3 Ne7 16. Bh4 Nh5 17. Raf1 Nf5 18. Be1 Nhg7 19. g3 Rfe8 20. Ng4 Be7 21. Nb3 b6 22. Nc1 Rf8 23. Nd3 f6 24. Ne3 Bd6 25. Nxf5 exf5 26. Re3 Rfe8 27. Rff3 Qd7 28. a3 Rxe3 29. Rxe3 Re8 30. Kg2 Rxe3 31. Qxe3 Qe7 32. Qxe7 Bxe7 33. Nb4 Bxb4 34. axb4 b5 35. Kf3 Ne8 36. Ke3 Nd6 37. b3 Kf7 38. Kf3 g5 39. Ke3 Kg6 40. Kf3 1/2-1/2

[Event "POL-chT4 Kujawsko-Pomorskie 1617"]
[Site "Poland"]
[Date "2016.11.06"]
[Round "1.11"]
[White "Kubicki, Mariusz"]
[Black "Malinski, Waldemar"]
[Result "1-0"]
[WhiteElo "1708"]
[BlackElo "1653"]
[PlyCount "89"]
[EventDate "2016.11.06"]
[EventType "team-tourn"]
[EventRounds "11"]
[EventCountry "POL"]
[SourceTitle "EXT 2019"]
[Source "ChessBase"]
[SourceDate "2018.10.10"]
[SourceVersion "1"]
[SourceVersionDate "2018.10.10"]
[SourceQuality "1"]

1. e4 e6 2. d4 d5 3. exd5 Qxd5 4. Nf3 Nf6 5. c4 Qd8 6. Nc3 b6 7. g3 Bb7 8. Bg2 a6 9. 0-0 Be7 10. h3 Nbd7 11. a3 0-0 12. Kh2 Rc8 13. b3 c5 14. Be3 cxd4 15. Bxd4 Bc5 16. Ne5 Bxg2 17. Kxg2 Qc7 18. Nxd7 Qxd7 19. Bxf6 Qxd1 20. Rfxd1 gxf6 21. Ne4 f5 22. Nxc5 Rxc5 23. Rd6 Rb8 24. Rc1 Kf8 25. Rd7 b5 26. b4 Rcc8 27. c5 Rd8 28. c6 Rbc8 29. Rb7 Ra8 30. Kf3 Kg7 31. Rc5 h5 32. h4 Kf6 33. Kf4 Rg8 34. c7 Rac8 35. Rb6 Rg4+ 36. Kf3 Rc4 37. Rxc4 bxc4 38. Rc6 Ke7 39. Rxc4 Kd7 40. Kf4 f6 41. f3 Rxc7 42. Rxc7+ Kxc7 43. g4 Kd6 44. gxh5 Ke7 45. a4 1-0

[Event "POL-chT4 Kujawsko-Pomorskie 1516"]
[Site "Poland"]
[Date "2015.11.29"]
[Round "3"]
[White "Jeziorny, Janusz"]
[Black "Kubicki, Mariusz"]
[Result "0-1"]
[WhiteElo "1780"]
[BlackElo "1742"]
[PlyCount "100"]
[EventDate "2015.11.08"]
[EventType "team-tourn"]
[EventRounds "11"]
[EventCountry "POL"]
[SourceTitle "EXT 2019"]
[Source "ChessBase"]
[SourceDate "2018.10.10"]
[SourceVersion "1"]
[SourceVersionDate "2018.10.10"]
[SourceQuality "1"]

1. e4 c6 2. d4 d5 3. Nc3 a6 4. e5 h6 5. Nf3 Bg4 6. Be2 e6 7. 0-0 Nd7 8. h3 Bh5 9. g4 Bg6 10. Be3 c5 11. Bd3 Bxd3 12. Qxd3 c4 13. Qe2 h5 14. Kg2 g6 15. Ng5 Be7 16. f4 Nf8 17. Qf3 Bxg5 18. fxg5 Qe7 19. Ne2 Rc8 20. c3 Rc7 21. Rh1 b5 22. a3 a5 23. h4 Kd7 24. Nf4 hxg4 25. Qxg4 Kc6 26. h5 Qe8 27. hxg6 Nxg6 28. Rxh8 Nxh8 29. Rh1 Ne7 30. Nxe6 fxe6 31. Qxe6+ Kb7 32. Rh7 Nhg6 33. Kg1 Qg8 34. Qh3 Qc8 35. e6 Rc6 36. Qf3 Qxe6 37. Qg3 Rc8 38. Bf4 Kc6 39. Be5 Qf5 40. Bf6 Qb1+ 41. Kh2 Nf5 42. Qf3 Qc2+ 43. Kh3 Qd3 44. Kg4 Qxf3+ 45. Kxf3 Re8 46. Kg4 Ne3+ 47. Kf3 Nd1 48. Rh6 Rf8 49. Rh2 Rg8 50. Rh6 Nf8 0-1